[Event "Olympiad-44"]
[Site "Chennai"]
[Date "2022.08.05"]
[Round "7.3"]
[White "Aboudi, Marwan"]
[Black "Castro Torres, Jose Luis"]
[Result "0-1"]
[WhiteElo "2144"]
[BlackElo "2326"]
[PlyCount "64"]
[EventDate "2022.07.29"]
[EventType "team-swiss"]
[EventRounds "11"]
[EventCountry "IND"]
[SourceTitle "CBM 210"]
[Source "ChessBase"]
[SourceDate "2022.10.31"]
[SourceVersion "1"]
[SourceVersionDate "2022.10.31"]
[SourceQuality "1"]
[WhiteTeam "Jordan"]
[BlackTeam "Venezuela"]
[WhiteTeamCountry "JOR"]
[BlackTeamCountry "VEN"]

1. d4 Nf6 2. Nf3 g6 3. g3 Bg7 4. Bg2 0-0 5. 0-0 d6 6. c4 Nc6 7. d5 Na5 8. Na3 c5 9. Re1 a6 10. e4 b5 11. cxb5 axb5 12. Nxb5 Qb6 13. Na3 Ba6 14. Bf1 Bxf1 15. Kxf1 Ng4 16. h3 Bxb2 17. Bxb2 Qxb2 18. hxg4 Qxa3 19. Re3 Qb2 20. Rb1 Qxa2 21. Ra1 Nc4 22. Rxa2 Nxe3+ 23. fxe3 Rxa2 24. Qb3 Rfa8 25. g5 R8a3 26. Qb7 Rxe3 27. Ne5 Rc3 28. Qb1 Rcc2 29. Nc6 Rf2+ 30. Kg1 Rg2+ 31. Kh1 Rh2+ 32. Kg1 Rag2+ 0-1

[Event "Olympiad-44"]
[Site "Chennai"]
[Date "2022.07.29"]
[Round "1.3"]
[White "Aboudi, Marwan"]
[Black "Bok, Benjamin"]
[Result "0-1"]
[WhiteElo "2144"]
[BlackElo "2616"]
[PlyCount "68"]
[EventDate "2022.07.29"]
[EventType "team-swiss"]
[EventRounds "11"]
[EventCountry "IND"]
[SourceTitle "CBM 210"]
[Source "ChessBase"]
[SourceDate "2022.10.31"]
[SourceVersion "1"]
[SourceVersionDate "2022.10.31"]
[SourceQuality "1"]
[WhiteTeam "Jordan"]
[BlackTeam "Netherlands"]
[WhiteTeamCountry "JOR"]
[BlackTeamCountry "NED"]

1. d4 Nf6 2. Nf3 d5 3. c4 e6 4. Nc3 dxc4 5. e3 a6 6. Bxc4 b5 7. Be2 Bb7 8. a3 c5 9. dxc5 Qxd1+ 10. Bxd1 Bxc5 11. b4 Bd6 12. Bb2 Nbd7 13. 0-0 Ke7 14. Bb3 Bxf3 15. gxf3 Ne5 16. Kg2 Rac8 17. Ne2 Nc4 18. Bxf6+ gxf6 19. Bxc4 Rhg8+ 20. Kh1 Rxc4 21. Rac1 Rgc8 22. f4 e5 23. Kg2 Rxc1 24. Rxc1 Rxc1 25. Nxc1 exf4 26. exf4 Ke6 27. Kf3 Kd5 28. Ke3 Kc4 29. Ke4 Be7 30. f5 Kc3 31. Nd3 Kb3 32. Kd4 Kxa3 33. Kc3 Bd6 34. h3 h6 0-1

[Event "Asia Nations online Cup"]
[Site "Chess.com INT"]
[Date "2020.10.16"]
[Round "5.2"]
[White "Aboudi, Marwan"]
[Black "Sasikiran, Krishnan"]
[Result "0-1"]
[WhiteElo "2136"]
[BlackElo "2647"]
[PlyCount "112"]
[EventDate "2020.10.10"]
[EventType "team-swiss (rapid)"]
[EventRounds "9"]
[EventCountry "IND"]
[SourceTitle "CBM 198 Extra"]
[Source "ChessBase"]
[SourceDate "2020.11.30"]
[SourceVersion "1"]
[SourceVersionDate "2020.11.30"]
[SourceQuality "1"]
[WhiteTeam "Jordan"]
[BlackTeam "India"]
[WhiteTeamCountry "JOR"]
[BlackTeamCountry "IND"]

1. d4 Nf6 2. Nf3 g6 3. g3 Bg7 4. Bg2 0-0 5. 0-0 d5 6. c4 c6 7. cxd5 cxd5 8. Ne5 e6 9. Nc3 Nfd7 10. Nxd7 Bxd7 11. e3 Nc6 12. b3 Qa5 13. Bd2 Qa6 14. Qe2 Qxe2 15. Nxe2 Rfc8 16. Rfc1 Bf8 17. a3 Nd8 18. b4 Nc6 19. Nf4 Ne7 20. Nd3 Bb5 21. Bf1 Nf5 22. Nb2 a6 23. Rxc8 Rxc8 24. Rc1 Rxc1 25. Bxc1 Bh6 26. Bxb5 axb5 27. Nd3 Kf8 28. Kf1 Ke7 29. Ke2 Nd6 30. Nc5 f6 31. Nb3 b6 32. Kd3 e5 33. dxe5 fxe5 34. f4 e4+ 35. Kc2 Bg7 36. Nd2 Nf5 37. Nf1 d4 38. exd4 Nxd4+ 39. Kd1 Nf5 40. Kc2 Ke6 41. Be3 Nxe3+ 42. Nxe3 Bd4 43. Kd2 Bb2 44. Nc2 Kd5 45. g4 Kc4 46. h4 h5 47. f5 gxf5 48. gxf5 Bf6 49. Ke3 Kc3 50. Ne1 Bxh4 51. Ng2 Bg5+ 52. Kxe4 Kb3 53. Ke5 h4 54. f6 Bxf6+ 55. Kxf6 h3 56. Ne3 h2 0-1

[Event "Online Olym Div2 C"]
[Site "Chess.com INT"]
[Date "2020.08.15"]
[Round "4.2"]
[White "Bok, Benjamin"]
[Black "Aboudi, Marwan"]
[Result "1-0"]
[WhiteElo "2624"]
[BlackElo "1759"]
[PlyCount "47"]
[EventDate "2020.08.14"]
[EventType "team-tourn (rapid)"]
[EventRounds "9"]
[EventCountry "USA"]
[SourceTitle "CBM 198"]
[Source "ChessBase"]
[SourceDate "2020.10.31"]
[SourceVersion "1"]
[SourceVersionDate "2020.10.31"]
[SourceQuality "1"]
[WhiteTeam "Netherlands"]
[BlackTeam "Jordan"]
[WhiteTeamCountry "NED"]
[BlackTeamCountry "JOR"]

1. d4 Nf6 2. c4 e6 3. Nf3 d5 4. Nc3 Be7 5. Bf4 0-0 6. e3 b6 7. Bd3 Bb7 8. cxd5 Nxd5 9. Nxd5 Bxd5 10. Qc2 Bb4+ 11. Ke2 Bd6 12. Bxd6 Qxd6 13. Bxh7+ Kh8 14. Be4 Nd7 15. Rhd1 Rac8 16. Rac1 Nf6 17. Bxd5 Qxd5 18. Qc4 Qa5 19. Rd3 Qf5 20. Qc6 Nd5 21. a3 Qe4 22. Rdd1 Rfd8 23. h3 Rd6 24. Qxd6 1-0

[Event "Online Olym Div3 C"]
[Site "Chess.com INT"]
[Date "2020.08.08"]
[Round "4.5"]
[White "Aboudi, Marwan"]
[Black "Khumnorkaew, Tupfah"]
[Result "1/2-1/2"]
[WhiteElo "2136"]
[BlackElo "2099"]
[PlyCount "75"]
[EventDate "2020.08.07"]
[EventType "team-tourn (rapid)"]
[EventRounds "9"]
[EventCountry "USA"]
[SourceTitle "CBM 198"]
[Source "ChessBase"]
[SourceDate "2020.10.31"]
[SourceVersion "1"]
[SourceVersionDate "2020.10.31"]
[SourceQuality "1"]
[WhiteTeam "Jordan"]
[BlackTeam "Thailand"]
[WhiteTeamCountry "JOR"]
[BlackTeamCountry "THA"]

1. e4 c5 2. Nf3 e6 3. d4 cxd4 4. Nxd4 Nf6 5. Nc3 a6 6. Be2 Qc7 7. 0-0 d6 8. Be3 Be7 9. a4 b6 10. f4 Bb7 11. Bf3 Nbd7 12. Qe1 0-0 13. Qg3 Rac8 14. Rae1 Qb8 15. Kh1 Bd8 16. f5 e5 17. Nb3 Nc5 18. Nxc5 dxc5 19. Bh6 Ne8 20. Be2 Kh8 21. Bg5 Bxg5 22. Qxg5 f6 23. Qh5 c4 24. Rd1 Nd6 25. Qh4 b5 26. axb5 axb5 27. Nd5 Rce8 28. Rd2 Nf7 29. Rfd1 Ng5 30. Bf3 Kg8 31. Qf2 Bc6 32. Qc5 Qb7 33. h4 Nf7 34. Bh5 Bxd5 35. Rxd5 Rc8 36. Qxb5 Qa7 37. R1d2 Qe3 38. Bxf7+ 1/2-1/2

[Event "Asian-ch Seniors 50"]
[Site "Chess.com INT"]
[Date "2020.07.21"]
[Round "1.3"]
[White "Barsov, Alexei"]
[Black "Aboudi, Marwan"]
[Result "1/2-1/2"]
[WhiteElo "2471"]
[BlackElo "2061"]
[PlyCount "126"]
[EventDate "2020.07.21"]
[EventType "swiss"]
[EventRounds "9"]
[EventCountry "UAE"]
[SourceTitle "EXT 2024"]
[Source "ChessBase"]
[SourceDate "2023.10.10"]
[SourceVersion "1"]
[SourceVersionDate "2023.10.10"]
[SourceQuality "1"]

1. d4 Nf6 2. c4 e6 3. Nc3 d5 4. cxd5 exd5 5. Bg5 c6 6. e3 Be7 7. Qc2 Nbd7 8. Bd3 h6 9. Bf4 Nh5 10. Bg3 Nxg3 11. hxg3 Nf6 12. Nf3 Bd6 13. Nh4 0-0 14. Nf5 Bxf5 15. Bxf5 Re8 16. 0-0 Qe7 17. a3 Ne4 18. Bxe4 dxe4 19. Rfd1 h5 20. d5 Rac8 21. Rd4 f5 22. dxc6 Rxc6 23. Qb3+ Kh7 24. Rad1 h4 25. gxh4 Be5 26. Rd7 Qxh4 27. Qf7 Rg6 28. Qxe8 Qh2+ 29. Kf1 Rxg2 30. Qh5+ Qxh5 31. Kxg2 Qf3+ 32. Kg1 f4 33. exf4 Bxf4 34. Re7 e3 35. fxe3 Bxe3+ 36. Rxe3 Qxe3+ 37. Kg2 Qg5+ 38. Kf3 Qf5+ 39. Ke3 Qc2 40. Rd2 Qc1 41. Kd3 g5 42. Ne4 Qf1+ 43. Ke3 Qg1+ 44. Kf3 Qh1+ 45. Ke3 Qe1+ 46. Kf3 Kg6 47. Rd6+ Kf7 48. Nxg5+ Ke7 49. Re6+ Qxe6 50. Nxe6 Kxe6 51. Ke4 Kd6 52. Kd4 Kc6 53. Kc4 b5+ 54. Kb4 Kb6 55. Kb3 a5 56. Kc3 Kc5 57. b4+ axb4+ 58. axb4+ Kc6 59. Kd4 Kd6 60. Ke4 Ke6 61. Kd4 Kd6 62. Ke4 Ke6 63. Kd4 Kd6 1/2-1/2

[Event "Asian-ch Seniors zt 50 3.1"]
[Site "Chess.com INT"]
[Date "2020.07.13"]
[Round "2.5"]
[White "Sulimani, Yaser"]
[Black "Aboudi, Marwan"]
[Result "0-1"]
[WhiteElo "1733"]
[BlackElo "2061"]
[PlyCount "126"]
[EventDate "2020.07.13"]
[EventType "swiss"]
[EventRounds "7"]
[EventCountry "JOR"]
[SourceTitle "EXT 2024"]
[Source "ChessBase"]
[SourceDate "2023.10.10"]
[SourceVersion "1"]
[SourceVersionDate "2023.10.10"]
[SourceQuality "1"]

1. d4 Nf6 2. c4 e6 3. Nf3 d5 4. cxd5 exd5 5. Nc3 c6 6. Bg5 Be7 7. e3 Bf5 8. Bd3 Bxd3 9. Qxd3 Nbd7 10. 0-0 0-0 11. Rfe1 h6 12. Bh4 Re8 13. a3 Ne4 14. Bxe7 Qxe7 15. Rac1 a5 16. Nd2 Ndf6 17. Na4 Rad8 18. Nc5 Qc7 19. h3 Nxd2 20. Qxd2 b6 21. Nd3 Rd6 22. Ne5 Nd7 23. Nxd7 Qxd7 24. Rc2 Rg6 25. Kh1 Re4 26. f3 Rh4 27. Qf2 Rh5 28. Kh2 Qd6+ 29. f4 Rf5 30. g4 Rff6 31. Kh1 h5 32. g5 Rxg5 33. fxg5 Rxf2 34. Rxf2 Qg3 35. Ree2 Qxh3+ 36. Kg1 Qg4+ 37. Rg2 Qe4 38. Kf1 h4 39. Kg1 c5 40. Kh2 cxd4 41. exd4 Qxd4 42. g6 Qf4+ 43. Kh1 fxg6 44. Ref2 Qe4 45. Re2 Qd3 46. Rd2 Qh3+ 47. Kg1 Qe3+ 48. Kh1 d4 49. Rge2 Qh3+ 50. Rh2 Qf3+ 51. Kg1 g5 52. Rdf2 Qe3 53. Kf1 d3 54. b4 axb4 55. axb4 h3 56. Rd2 g4 57. b5 g3 58. Rxh3 Qxd2 59. Rxg3 Qe2+ 60. Kg1 d2 61. Rg2 d1Q+ 62. Kh2 Qd6+ 63. Kh1 Qd5 0-1

[Event "Asia zt 3.1"]
[Site "Amman"]
[Date "2019.06.23"]
[Round "5"]
[White "Abdulwahhab, Ahmed Abdulsattar"]
[Black "Aboudi, Marwan"]
[Result "1-0"]
[WhiteElo "2255"]
[BlackElo "2188"]
[PlyCount "63"]
[EventDate "2019.06.19"]
[EventType "swiss"]
[EventRounds "9"]
[EventCountry "JOR"]
[SourceTitle "CBM 191 Extra"]
[Source "ChessBase"]
[SourceDate "2019.09.30"]
[SourceVersion "1"]
[SourceVersionDate "2019.09.30"]
[SourceQuality "1"]

1. e4 c5 2. Nf3 d6 3. d4 cxd4 4. Nxd4 Nf6 5. Nc3 Nc6 6. Bc4 Bd7 7. Bg5 Qa5 8. Bxf6 gxf6 9. Nb3 Qg5 10. g3 h5 11. h4 Qg6 12. Be2 0-0-0 13. Nd4 Kb8 14. a4 Bg7 15. 0-0 Nxd4 16. Qxd4 f5 17. Qe3 Bxc3 18. exf5 Qxf5 19. bxc3 Bc6 20. Bb5 Bf3 21. Bd3 Qg4 22. Rfb1 Bd5 23. Rb5 Qf3 24. Qxf3 Bxf3 25. Rf5 Bc6 26. Rxf7 e5 27. Rb1 Rdf8 28. Re7 Rf3 29. Ba6 b6 30. a5 Rhf8 31. axb6 Rxf2 32. bxa7+ 1-0

[Event "Asia zt 3.1"]
[Site "Amman"]
[Date "2019.06.21"]
[Round "3"]
[White "El Jawich, Amro"]
[Black "Aboudi, Marwan"]
[Result "1/2-1/2"]
[WhiteElo "2274"]
[BlackElo "2188"]
[PlyCount "89"]
[EventDate "2019.06.19"]
[EventType "swiss"]
[EventRounds "9"]
[EventCountry "JOR"]
[SourceTitle "CBM 191 Extra"]
[Source "ChessBase"]
[SourceDate "2019.09.30"]
[SourceVersion "1"]
[SourceVersionDate "2019.09.30"]
[SourceQuality "1"]

1. d4 Nf6 2. Nf3 e6 3. e3 b6 4. Bd3 Bb7 5. 0-0 d5 6. b3 Bd6 7. Bb2 0-0 8. Ne5 c5 9. Nd2 Nc6 10. a3 Rc8 11. f4 Ne7 12. Qf3 Qc7 13. Qh3 Ne4 14. c4 f5 15. Nxe4 dxe4 16. dxc5 bxc5 17. Bc2 Nc6 18. Nxc6 Bxc6 19. Qg3 Rfd8 20. Rfd1 Bf8 21. Qe1 Rxd1 22. Rxd1 Rd8 23. b4 a6 24. Bc3 Rxd1 25. Bxd1 Qb6 26. Qd2 cxb4 27. axb4 Be7 28. Be2 Kf7 29. c5 Qb7 30. Qd4 Bf6 31. Bh5+ Kg8 32. Qd6 Bd5 33. Bxf6 gxf6 34. Be2 Qxb4 35. Qd8+ Kg7 36. Qe7+ Kg8 37. Qe8+ Kg7 38. Qe7+ Kg8 39. Kf2 Qc3 40. Qe8+ Kg7 41. Qe7+ Kg8 42. h4 Qc2 43. h5 Bc4 44. Qe8+ Kg7 45. Qe7+ 1/2-1/2

[Event "Asia zt 3.1"]
[Site "Amman"]
[Date "2019.06.20"]
[Round "2"]
[White "Aboudi, Marwan"]
[Black "Issa, Rafat"]
[Result "1-0"]
[WhiteElo "2188"]
[BlackElo "2386"]
[PlyCount "79"]
[EventDate "2019.06.19"]
[EventType "swiss"]
[EventRounds "9"]
[EventCountry "JOR"]
[SourceTitle "CBM 191 Extra"]
[Source "ChessBase"]
[SourceDate "2019.09.30"]
[SourceVersion "1"]
[SourceVersionDate "2019.09.30"]
[SourceQuality "1"]

1. d4 Nf6 2. Nf3 g6 3. Nc3 Bg7 4. e4 d6 5. Be2 0-0 6. 0-0 c6 7. a4 a5 8. h3 Nfd7 9. Be3 Na6 10. Qd2 e5 11. dxe5 dxe5 12. Rad1 Nb4 13. Bc4 Qe7 14. Bg5 Qe8 15. Qd6 Nxc2 16. Be7 Nd4 17. Ng5 Bh6 18. h4 Nb6 19. Ba2 Bxg5 20. hxg5 Be6 21. Bxf8 Bxa2 22. Bh6 Ne6 23. Nxa2 Nc4 24. Qd3 Nxb2 25. Qc3 Nxd1 26. Rxd1 Rd8 27. Rb1 Nf4 28. Qxa5 b5 29. axb5 Ra8 30. Qd2 cxb5 31. Nc3 Qc6 32. Nd5 Qc5 33. Kh2 Nxd5 34. Qxd5 Qxd5 35. exd5 Rb8 36. Rb4 f5 37. gxf6 Kf7 38. Bg7 g5 39. Kg3 h5 40. Kf3 1-0

[Event "Arab Clubs-chT"]
[Site "Marrakesh"]
[Date "2016.12.04"]
[Round "3"]
[White "Al Khateeb, Taher"]
[Black "Aboudi, Marwan"]
[Result "0-1"]
[WhiteElo "2036"]
[BlackElo "2215"]
[PlyCount "58"]
[EventDate "2016.12.02"]
[EventType "team-tourn"]
[EventRounds "7"]
[EventCountry "MAR"]
[SourceTitle "CBM 176 Extra"]
[Source "ChessBase"]
[SourceDate "2017.03.02"]
[SourceVersion "1"]
[SourceVersionDate "2017.03.02"]
[SourceQuality "1"]
[WhiteTeam "Kuwait Mind Sports"]
[BlackTeam "Alamana"]
[WhiteTeamCountry "KUW"]
[BlackTeamCountry "JOR"]

1. d4 d5 2. e3 c5 3. c3 e6 4. Nf3 Nf6 5. Bd3 Nbd7 6. 0-0 Be7 7. Nbd2 0-0 8. Re1 b6 9. e4 dxe4 10. Nxe4 Bb7 11. Qe2 cxd4 12. Nxd4 Nc5 13. Nxc5 bxc5 14. Nf3 Qd5 15. Bg5 h6 16. Bxf6 Bxf6 17. Red1 Qc6 18. Ne1 Rfd8 19. f3 Rab8 20. Be4 Qa6 21. Rxd8+ Rxd8 22. Qc2 Bxe4 23. fxe4 Bg5 24. Nf3 Be3+ 25. Kh1 g5 26. h3 Bf4 27. Qf2 Qd6 28. Rf1 Bg3 29. Qe2 Qd3 0-1

[Event "Olympiad-42"]
[Site "Baku"]
[Date "2016.09.08"]
[Round "6.1"]
[White "Gascon del Nogal, Jose Rafael"]
[Black "Aboudi, Marwan"]
[Result "1-0"]
[WhiteElo "2436"]
[BlackElo "2209"]
[PlyCount "73"]
[EventDate "2016.09.02"]
[EventType "team-swiss"]
[EventRounds "11"]
[EventCountry "AZE"]
[SourceTitle "CBM 175"]
[Source "ChessBase"]
[SourceDate "2016.11.10"]
[SourceVersion "1"]
[SourceVersionDate "2016.11.10"]
[SourceQuality "1"]
[WhiteTeam "Venezuela"]
[BlackTeam "Jordan"]
[WhiteTeamCountry "VEN"]
[BlackTeamCountry "JOR"]

1. e4 e5 2. Nf3 Nf6 3. d4 Nxe4 4. dxe5 d5 5. Nbd2 Nxd2 6. Qxd2 Be7 7. Qf4 0-0 8. Qg3 Kh8 9. Bd3 Nc6 10. a3 Be6 11. Ng5 Bxg5 12. Bxg5 Qd7 13. 0-0-0 Nxe5 14. Qxe5 f6 15. Bxf6 Rxf6 16. Rhe1 Re8 17. Qd4 b6 18. Re5 Bg8 19. Rh5 Qd6 20. g3 Rh6 21. Qh4 Rxh5 22. Qxh5 Re5 23. Qh4 d4 24. Qf4 c5 25. Bf1 Qe7 26. h4 h6 27. g4 Bf7 28. h5 Bg8 29. Bd3 Re6 30. Bf5 Rf6 31. Kd2 Bh7 32. Re1 Qf8 33. Re5 Bxf5 34. gxf5 Kh7 35. Qe4 Qf7 36. Qg4 Rd6 37. Qg6+ 1-0

[Event "Asia Cup"]
[Site "Abu Dhabi"]
[Date "2016.04.04"]
[Round "8.1"]
[White "Aboudi, Marwan"]
[Black "Murshed, Niaz"]
[Result "1/2-1/2"]
[WhiteElo "2166"]
[BlackElo "2446"]
[PlyCount "108"]
[EventDate "2016.03.28"]
[EventType "team-swiss"]
[EventRounds "9"]
[EventCountry "UAE"]
[SourceTitle "CBM 171 Extra"]
[Source "ChessBase"]
[SourceDate "2016.04.26"]
[SourceVersion "1"]
[SourceVersionDate "2016.04.26"]
[SourceQuality "1"]
[WhiteTeam "Jordan"]
[BlackTeam "Bangladesh"]
[WhiteTeamCountry "JOR"]
[BlackTeamCountry "BAN"]

1. d4 Nf6 2. Nf3 e6 3. Bf4 b6 4. e3 Bb7 5. Bd3 h6 6. h3 g6 7. 0-0 Bg7 8. Nbd2 d6 9. c3 Nbd7 10. e4 0-0 11. Qe2 Nh5 12. Bh2 e5 13. Ba6 Qc8 14. Bxb7 Qxb7 15. dxe5 Nxe5 16. g4 Nxf3+ 17. Qxf3 Nf6 18. e5 Qxf3 19. Nxf3 dxe5 20. Bxe5 Nd5 21. Bg3 Rfe8 22. Rfe1 b5 23. Rad1 c6 24. Kf1 Rxe1+ 25. Kxe1 a5 26. Nd4 Re8+ 27. Kf1 Bxd4 28. Rxd4 Nf6 29. Rd6 Re6 30. Rxe6 fxe6 31. a4 bxa4 32. Ke2 Ne4 33. Bc7 a3 34. bxa3 Nxc3+ 35. Kd3 Nb5 36. Bxa5 Nxa3 37. Kd4 Kf7 38. Kc5 e5 39. Bd2 h5 40. f4 hxg4 41. hxg4 Ke6 42. Kxc6 Nc4 43. f5+ gxf5 44. gxf5+ Kxf5 45. Bc3 e4 46. Kc5 Na3 47. Bd2 Kg4 48. Kd5 Kf3 49. Bh6 Nc2 50. Ke5 Ne3 51. Bg5 Ng2 52. Kf5 Ne1 53. Ke5 Nd3+ 54. Kf5 e3 1/2-1/2

[Event "Asia Cup"]
[Site "Abu Dhabi"]
[Date "2016.04.03"]
[Round "7.1"]
[White "Snoper, Rafat"]
[Black "Aboudi, Marwan"]
[Result "1/2-1/2"]
[WhiteElo "1890"]
[BlackElo "2166"]
[PlyCount "131"]
[EventDate "2016.03.28"]
[EventType "team-swiss"]
[EventRounds "9"]
[EventCountry "UAE"]
[SourceTitle "CBM 171 Extra"]
[Source "ChessBase"]
[SourceDate "2016.04.26"]
[SourceVersion "1"]
[SourceVersionDate "2016.04.26"]
[SourceQuality "1"]
[WhiteTeam "Palestine"]
[BlackTeam "Jordan"]
[WhiteTeamCountry "PLE"]
[BlackTeamCountry "JOR"]

1. d4 Nf6 2. c4 e6 3. Nc3 Bb4 4. h4 0-0 5. Bg5 c5 6. d5 exd5 7. cxd5 d6 8. f3 Nbd7 9. Qc2 h6 10. Bxf6 Nxf6 11. e4 Qa5 12. g4 Bxc3+ 13. Qxc3 Qa4 14. Qb3 Qxb3 15. axb3 Re8 16. 0-0-0 Bd7 17. Ne2 b5 18. Nf4 Nh7 19. Bd3 g6 20. Rhg1 Kg7 21. Rg2 a5 22. g5 hxg5 23. hxg5 a4 24. bxa4 Rxa4 25. Ne2 Ra1+ 26. Bb1 Rea8 27. f4 R8a4 28. b3 R4a2 29. Rdg1 Bh3 30. Rh2 Bd7 31. Rgh1 Nf8 32. Nc3 Rxh2 33. Rxh2 b4 34. Na2 Bg4 35. Kb2 Rxb1+ 36. Kxb1 Bf3 37. Kb2 Bxe4 38. Nc1 Nd7 39. Re2 Bxd5 40. Re7 Be6 41. Re8 Bf5 42. Ne2 d5 43. Ng3 Bg4 44. Rd8 Be6 45. f5 gxf5 46. Nh5+ Kg6 47. Nf4+ Kxg5 48. Nxe6+ fxe6 49. Rxd7 f4 50. Kc2 c4 51. bxc4 dxc4 52. Rb7 b3+ 53. Kd2 Kg4 54. Ke2 Kf5 55. Rb4 b2 56. Rxb2 Ke4 57. Rd2 e5 58. Rd8 c3 59. Rd1 f3+ 60. Kf2 c2 61. Rc1 Kd3 62. Kxf3 e4+ 63. Kf2 Kd2 64. Rxc2+ Kxc2 65. Ke3 Kc3 66. Kxe4 1/2-1/2

[Event "Asia Cup"]
[Site "Abu Dhabi"]
[Date "2016.04.02"]
[Round "6.1"]
[White "Aboudi, Marwan"]
[Black "Khusenkhojaev, Muhammad"]
[Result "0-1"]
[WhiteElo "2166"]
[BlackElo "2416"]
[PlyCount "52"]
[EventDate "2016.03.28"]
[EventType "team-swiss"]
[EventRounds "9"]
[EventCountry "UAE"]
[SourceTitle "CBM 171 Extra"]
[Source "ChessBase"]
[SourceDate "2016.04.26"]
[SourceVersion "1"]
[SourceVersionDate "2016.04.26"]
[SourceQuality "1"]
[WhiteTeam "Jordan"]
[BlackTeam "Tajikistan"]
[WhiteTeamCountry "JOR"]
[BlackTeamCountry "TJK"]

1. e4 e5 2. Nf3 Nc6 3. Bc4 Bc5 4. d3 Nf6 5. Nc3 d6 6. Na4 a6 7. Nxc5 dxc5 8. a4 h6 9. h3 Qd6 10. Be3 Bd7 11. a5 0-0-0 12. Bxf7 Rhf8 13. Bc4 Nh5 14. g3 Nf6 15. Nd2 Be8 16. Nb3 Nd4 17. Bxd4 cxd4 18. Qd2 Bh5 19. g4 Bf7 20. Bxf7 Rxf7 21. Ra4 Nxe4 22. Qb4 Qf6 23. Rh2 Qf4 24. Rg2 Qf3 25. Rh2 Nxf2 26. Qd2 Nxg4 0-1

[Event "Asia Cup"]
[Site "Abu Dhabi"]
[Date "2016.03.30"]
[Round "3.1"]
[White "Aboudi, Marwan"]
[Black "Hamdan, Marshool"]
[Result "1-0"]
[WhiteElo "2166"]
[BlackElo "2003"]
[PlyCount "85"]
[EventDate "2016.03.28"]
[EventType "team-swiss"]
[EventRounds "9"]
[EventCountry "UAE"]
[SourceTitle "CBM 171 Extra"]
[Source "ChessBase"]
[SourceDate "2016.04.26"]
[SourceVersion "1"]
[SourceVersionDate "2016.04.26"]
[SourceQuality "1"]
[WhiteTeam "Jordan"]
[BlackTeam "United Arab Emirates II"]
[WhiteTeamCountry "JOR"]
[BlackTeamCountry "UAE"]

1. d4 f5 2. c4 Nf6 3. g3 d6 4. Nf3 g6 5. Bg2 Bg7 6. 0-0 0-0 7. Nc3 c6 8. Rb1 Qe8 9. d5 e5 10. dxe6 Qxe6 11. b3 h6 12. Nd4 Qe7 13. b4 Be6 14. Nxe6 Qxe6 15. b5 Qxc4 16. bxc6 bxc6 17. Nb5 Nbd7 18. Nxd6 Qxa2 19. Rb7 Nc5 20. Rb2 Qe6 21. Nb7 Nxb7 22. Rxb7 Rfd8 23. Rxa7 Rxd1 24. Rxa8+ Kh7 25. Rxd1 Qxe2 26. Rf1 Ng4 27. Ra7 Kh8 28. Rd7 c5 29. h3 Ne5 30. Rd8+ Kh7 31. Be3 c4 32. Rb1 c3 33. Rc8 c2 34. Rc1 Nc4 35. Bf1 Qd1 36. Rxc4 Bb2 37. R1xc2 Be5 38. Rd2 Qf3 39. Rd7+ Bg7 40. Rcc7 f4 41. Rxg7+ Kh8 42. Rh7+ Kg8 43. Bc4+ 1-0

[Event "Asia Cup"]
[Site "Abu Dhabi"]
[Date "2016.03.29"]
[Round "2.1"]
[White "Alshourfaa, Hazaa"]
[Black "Aboudi, Marwan"]
[Result "0-1"]
[WhiteElo "1808"]
[BlackElo "2166"]
[PlyCount "73"]
[EventDate "2016.03.28"]
[EventType "team-swiss"]
[EventRounds "9"]
[EventCountry "UAE"]
[SourceTitle "CBM 171 Extra"]
[Source "ChessBase"]
[SourceDate "2016.04.26"]
[SourceVersion "1"]
[SourceVersionDate "2016.04.26"]
[SourceQuality "1"]
[WhiteTeam "Kuwait"]
[BlackTeam "Jordan"]
[WhiteTeamCountry "KUW"]
[BlackTeamCountry "JOR"]

1. e4 c5 2. Nc3 Nc6 3. g3 g6 4. Bg2 Bg7 5. d3 Rb8 6. Be3 d6 7. a3 b5 8. Rb1 a5 9. f4 b4 10. axb4 axb4 11. Nce2 Bd7 12. b3 Nf6 13. h3 0-0 14. Nf3 h5 15. 0-0 Qc8 16. Kh2 e5 17. fxe5 Nxe5 18. Nxe5 dxe5 19. Qe1 Be6 20. Ng1 Nd7 21. Nf3 f6 22. Nd2 Ra8 23. Nc4 Ra2 24. Nb2 Qc6 25. Qd2 Nb6 26. Rf3 Rc8 27. Qf2 Bf7 28. g4 hxg4 29. hxg4 Be6 30. g5 fxg5 31. Bxg5 Qd6 32. Nc4 Nxc4 33. dxc4 Qd4 34. Qxd4 exd4 35. Rf2 Be5+ 36. Kg1 d3 37. Rc1 0-1

[Event "Arab Clubs-chT"]
[Site "Agadir"]
[Date "2015.10.14"]
[Round "3.1"]
[White "Aboudi, Marwan"]
[Black "Abdulwahhab, Ahmed Abdulsattar"]
[Result "1/2-1/2"]
[WhiteElo "2182"]
[BlackElo "2290"]
[PlyCount "30"]
[EventDate "2015.10.13"]
[EventType "team-swiss"]
[EventRounds "9"]
[EventCountry "MAR"]
[SourceTitle "CBM 170 Extra"]
[Source "ChessBase"]
[SourceDate "2016.02.25"]
[SourceVersion "1"]
[SourceVersionDate "2016.02.25"]
[SourceQuality "1"]
[WhiteTeam "Amanat Amman"]
[BlackTeam "Etisalat"]
[WhiteTeamCountry "JOR"]
[BlackTeamCountry "IRQ"]

1. d4 d5 2. c4 c6 3. cxd5 cxd5 4. Nf3 Nc6 5. Nc3 Nf6 6. Bf4 Bf5 7. e3 e6 8. Qb3 Bb4 9. Bb5 0-0 10. Bxc6 Bxc3+ 11. Qxc3 Rc8 12. Ne5 Ng4 13. Nxg4 Bxg4 14. 0-0 Rxc6 15. Qa3 Qb6 1/2-1/2

[Event "Arab Clubs-chT"]
[Site "Agadir"]
[Date "2015.10.14"]
[Round "2.1"]
[White "Amin, Bassem"]
[Black "Aboudi, Marwan"]
[Result "1-0"]
[WhiteElo "2636"]
[BlackElo "2182"]
[PlyCount "57"]
[EventDate "2015.10.13"]
[EventType "team-swiss"]
[EventRounds "9"]
[EventCountry "MAR"]
[SourceTitle "CBM 170 Extra"]
[Source "ChessBase"]
[SourceDate "2016.02.25"]
[SourceVersion "1"]
[SourceVersionDate "2016.02.25"]
[SourceQuality "1"]
[WhiteTeam "Sharkia Dokhan"]
[BlackTeam "Amanat Amman"]
[WhiteTeamCountry "EGY"]
[BlackTeamCountry "JOR"]

1. e4 e5 2. Nf3 Nc6 3. Bc4 Bc5 4. 0-0 Nf6 5. d3 d6 6. c3 0-0 7. h3 a6 8. Bb3 Ba7 9. Re1 h6 10. Nbd2 Nh5 11. Nf1 Qf6 12. Be3 Nf4 13. d4 Na5 14. Bxf4 Qxf4 15. Ne3 c6 16. Nf5 Nxb3 17. g3 Qxf5 18. exf5 Nxa1 19. g4 exd4 20. Nxd4 Bd7 21. Re7 Rad8 22. Qxa1 Rfe8 23. Qe1 Kf8 24. Rxe8+ Bxe8 25. f6 gxf6 26. Qe3 Bd7 27. Qxh6+ Ke7 28. g5 Rg8 29. Qxf6+ 1-0

[Event "Poti Aleksandria Cup-A 8th"]
[Site "Poti"]
[Date "2013.07.13"]
[Round "1"]
[White "Aboudi, Marwan"]
[Black "Paichadze, Luka"]
[Result "0-1"]
[WhiteElo "2151"]
[BlackElo "2537"]
[PlyCount "58"]
[EventDate "2013.07.10"]
[EventType "swiss"]
[EventRounds "9"]
[EventCountry "GEO"]
[SourceTitle "CBM 155 Extra"]
[Source "ChessBase"]
[SourceDate "2013.08.26"]
[SourceVersion "1"]
[SourceVersionDate "2013.08.26"]
[SourceQuality "1"]

1. d4 Nf6 2. Nf3 e6 3. c4 Nc6 4. Nc3 Bb4 5. e3 d6 6. Qc2 0-0 7. Be2 e5 8. 0-0 Bxc3 9. Qxc3 Ne4 10. Qb3 Rb8 11. Rd1 Qf6 12. Bd3 Bf5 13. Bxe4 Bxe4 14. Nd2 Bf5 15. d5 Qg6 16. e4 Nd4 17. Qd3 Bg4 18. Re1 f5 19. Kh1 fxe4 20. Nxe4 Nf3 21. Re3 Bh3 22. Qf1 Nd4 23. Rxh3 Qxe4 24. Be3 Rf6 25. Qb1 Nc2 26. a4 Rg6 27. f3 Qxc4 28. Bxa7 Ra8 29. Ra2 Nb4 0-1